| 000 | 01160cam a2200325 a 4500 | ||
|---|---|---|---|
| 999 |
_c497 _d497 |
||
| 001 | 16607578 | ||
| 003 | OSt | ||
| 005 | 20190816150016.0 | ||
| 008 | 110111s2011 iluab b 001 0 eng | ||
| 010 | _a 2010052706 | ||
| 020 | _a9781406228588 | ||
| 040 |
_aDLC _cDLC _dDLC |
||
| 082 | 0 | 0 |
_a363.8 LAN _222 |
| 100 | 1 |
_aLangley, Andrew, _d1949- |
|
| 245 | 1 | 0 |
_aAvoiding hunger and finding water / _cAndrew Langley. |
| 246 | _aAvoiding hunger & finding water | ||
| 260 |
_aChicago, Ill. : _bRaintree, _cc2011. |
||
| 300 |
_a48 p. : _bcol. ill., maps ; _c26 cm. |
||
| 440 | _aRaintree freestyle | ||
| 490 | 0 | _aThe environment challenge | |
| 504 | _aIncludes bibliographical references (p. 46) and index. | ||
| 505 | 0 | _aFamine and drought -- Too many mouths to feed -- Growing food -- The water crisis -- From farm to plate -- Vanishing fields -- We want good food -- What we all eat. | |
| 650 | 0 | _aFamines. | |
| 650 | 0 | _aDroughts. | |
| 650 | 0 | _aPoverty. | |
| 650 | 0 | _aFood. | |
| 906 |
_a7 _bcbc _corignew _d1 _eecip _f20 _gy-gencatlg |
||
| 942 |
_2ddc _cNFIC |
||